Catálogo
 En Linea

San Bernardo / (Registro nro. 11354)

Detalles MARC
000 -CABECERA
campo de control de longitud fija 00891nam a2200253 a 4500
001 - NÚMERO DE CONTROL
campo de control 000011667
005 - FECHA Y HORA DE LA ÚLTIMA TRANSACCIÓN
campo de control 20240529124642.0
008 - DATOS DE LONGITUD FIJA--INFORMACIÓN GENERAL
campo de control de longitud fija 091022s1980 ve 000 f spa d
040 ## - FUENTE DE LA CATALOGACIÓN
Centro catalogador/agencia de origen DO-SdBNP
Lengua de catalogación spa
Centro/agencia transcriptor BNPHU
082 ## - NÚMERO DE LA CLASIFICACIÓN DECIMAL DEWEY
Número de clasificación B869.4
Número de documento/Ítem R175s
049 ## - FONDOS LOCALES (OCLC)
Fondos de biblioteca BNGR
100 1# - ENTRADA PRINCIPAL--NOMBRE DE PERSONA
Nombre de persona Ramos, Graciliano,
Títulos y otros términos asociados al nombre 1892-1953
9 (RLIN) 27661
240 10 - TÍTULO UNIFORME
Título uniforme Sao Bernardo
Lenguaje de la obra Español
245 10 - MENCIÓN DE TÍTULO
Título San Bernardo /
Mención de responsabilidad, etc. Graciliano Ramos ; traducción, Saúl Ibargoyen Islas.
260 ## - PUBLICACIÓN, DISTRIBUCIÓN, ETC.
Lugar de publicación, distribución, etc. Monte Avila :
Nombre del editor, distribuidor, etc. Caracas, Venezuela,
Fecha de publicación, distribución, etc. 1980.
300 ## - DESCRIPCIÓN FÍSICA
Extensión 191 p. ;
Dimensiones 18 cm.
490 1# - MENCIÓN DE SERIE
Mención de serie Continentes
500 ## - NOTA GENERAL
Nota general Incluye glosario de términos
534 ## - NOTA SOBRE LA VERSIÓN ORIGINAL
Frase introductoria Título original en portugués:
Mención de título del original Sao Bernardo
Mención de edición del original 29a ed.
Publicación, distribución, etc. del original Rio de Janeiro, Brasil : Rio de Janeiro, 1979.
650 #0 - PUNTO DE ACCESO ADICIONAL DE MATERIA--TÉRMINO DE MATERIA
Término de materia o nombre geográfico como elemento de entrada Novela brasileña
9 (RLIN) 13650
650 #4 - PUNTO DE ACCESO ADICIONAL DE MATERIA--TÉRMINO DE MATERIA
Término de materia o nombre geográfico como elemento de entrada Literatura brasileña
Subdivisión cronológica SIGLO XX
9 (RLIN) 4716
700 1# - PUNTO DE ACCESO ADICIONAL--NOMBRE DE PERSONA
Nombre de persona Ibargoyen Islas, Saúl,
Término indicativo de función/relación tr.
9 (RLIN) 22022
830 #0 - PUNTO DE ACCESO ADICIONAL DE SERIE-TÍTULO UNIFORME
Título uniforme Continentes
9 (RLIN) 5341
Existencias
Estado de retiro Estado de pérdida Restricciones de uso No para préstamo Código de colección Localización permanente Ubicación/localización actual Ubicación en estantería Fecha de adquisición Número de inventario Total de préstamos Signatura topográfica completa Código de barras Fecha visto por última vez Precio válido a partir de Tipo de ítem Koha
    Préstamo interno   Monografías: Libros y Folletos General General En catalogación 22.10.2009 LF1   B869.4 R175s 11667-10 25.06.2020 25.06.2020 Préstamo interno

Con tecnología Koha